| Tag |
First Indicator |
Second Indicator |
Subfields |
| LEADER |
00000cam a2200000 4500 |
| 001 |
in00000032538 |
| 005 |
20151007061806.0 |
| 008 |
740618r1966 flu b 00000 eng u |
| 010 |
|
|
|a 66010007
|
| 035 |
|
|
|a (OCoLC)00920830
|
| 035 |
|
|
|9 AAD3087AM
|
| 040 |
|
|
|c KEN
|d TXA
|d UtOrBLW
|
| 049 |
|
|
|a TXAM
|c [472196]
|
| 050 |
|
0 |
|a PS601
|b .A5 1793a
|
| 082 |
0 |
|
|a 811.208
|
| 092 |
|
|
|a 811.08
|b A512, 1793r
|
| 245 |
0 |
0 |
|a American poems (1793) /
|c Edited by Elihu Hubbard Smith.
|
| 250 |
|
|
|a A facsimile reproduction
|b with an introd., notes and index by William K. Bottorff.
|
| 264 |
|
1 |
|a Gainesville, Fla. :
|b Scholars' Facsimiles & Reprints,
|c 1966.
|
| 300 |
|
|
|a xviii, viii, 325 pages ;
|c 23 cm.
|
| 336 |
|
|
|a text
|b txt
|2 rdacontent
|
| 337 |
|
|
|a unmediated
|b n
|2 rdamedia
|
| 338 |
|
|
|a volume
|b nc
|2 rdacarrier
|
| 500 |
|
|
|a Original t. p. reads: American poems, selected and original. Volume I, Litchfield [Conn.] Printed by Collier and Buel [1793].
|
| 500 |
|
|
|a No more published.
|
| 500 |
|
|
|a Sabin 1186: Evans 25104.
|
| 500 |
|
|
|a Errata slip inserted.
|
| 504 |
|
|
|a Bibliographical references included in "Notes" (pages 313-320).
|
| 650 |
|
0 |
|a American poetry
|y Revolutionary period, 1775-1783.
|
| 700 |
1 |
|
|a Smith, E. H.
|q (Elihu Hubbard),
|d 1771-1798.
|
| 700 |
1 |
|
|a Bottorff, William K.,
|d 1931-2007.
|
| 999 |
|
|
|a MARS
|
| 999 |
f |
f |
|s 69be19e5-8b8b-3a9d-bf70-8ff8b5b1a721
|i c11e4a57-145c-3850-aa1c-187b88b3e300
|t 0
|
| 952 |
f |
f |
|p ric
|a Texas A&M University
|b Rellis Campus
|c Joint Library Facility
|d Remote Storage
|t 0
|e PS601 .A5 1793a
|h Library of Congress classification
|i unmediated -- volume
|m A14801221949
|
| 998 |
f |
f |
|a PS601 .A5 1793a
|t 0
|l Remote Storage
|